LEADER 01210nam a2200253 u 4500 001 000000008575 003 CaOOAMICUS 005 20070226105117.0 008 940517s1963 nl u000 u fre u 035 $a10220394 040 $aPUL(R)$bita 100 1 $aBavel, Tarsicius J. van,$cO.E.S.A.,$d1923-$0(OLS)http://pul/name/2616 245 10$aRépertoire bibliographique de saint Augustin, 1950-1960 /$cT. van Bavel ; avec la collaboration de F. van der Zande. 260 $aSteenbrugis :$bin Abbatia Sancti Petri,$c1963. 300 $axxii, 991 p. ;$c25 cm 490 1 $aInstrumenta patristica ;$v3 600 04$aAugustinus,$cs., vesc. d'Ippona,$d354-430$xBibliografia.$0(OLS)http://pul/subject/8837 700 1 $aZande, F. van der.$0(OLS)http://pul/name/8562 830 0$aInstrumenta patristica ;$v3.$0(OLS)http://pul/title/12588 850 $aPUL 852 $aPUL$W1$xSL Cons. Gen., Altre Classi 1$y1$m2007 A 5$j12105$n $b $qStampati$B12105$CPULBib$Z2$F12105 $H27383 $81 941 1 $a8 996 $6245$aRépertoire bibliographique de saint Augustin, 1950-1960$9(OLS)http://pul/title/12587 996 $6260$aSteenbrugis :$bin Abbatia Sancti Petri$9(OLS)http://pul/publisher/52158 LEADER 01480nam a2200301 u 4500 001 000000020231 003 CaOOAMICUS 005 20070226110858.0 008 950216s1973 it aef u000 u ita u 020 $aL10000 035 $a10492204 040 $aNN$bita$dNN$dMiU$dBSR 082 $a913.37/7 100 1 $aMaiuri, Amedeo,$d1886-1963.$0(OLS)http://pul/name/4021 245 10$aAlla ricerca di Pompei preromana :$bsaggi stratigrafici /$cAmedeo Maiuri. 260 $aNapoli :$bSocietà editrice napoletana,$cc1973. 300 $aiii, 229 p., 80 p. of plates :$bill., plans ;$c24 cm 500 $a"Nel decimo anniversario della morte di Amedeo Maiuri ... raccogliendo in un sol volume gli scritti che egli pubblicò in varie occasioni tra il 1930 ed il 1951 intorno ai saggi stratigrafici da lui stesso eseguiti nell'antica Pompei". 504 $aIncludes bibliographical references. 651 0$aPompei (Extinct city).$0(OLS)http://pul/subject/1447 850 $aPUL 852 $aPUL$W1$xDP1 Fondo Ciprotti$y59$m1548 B 26$j28431$nBK-PRI$b $qFondi$B28431$CPULBib$Z2$F28431 $H $81 941 1 $a1 961 $aINV: F. Ciprotti 996 $6020$aL10000$9(OLS)http://pul/number/6127 996 $6082$a913.37/7$9(OLS)http://pul/classification/275 996 $6245$aAlla ricerca di Pompei preromana :$bsaggi stratigrafici$9(OLS)http://pul/title/28531 996 $6260$aNapoli :$bSocietà editrice napoletana$9(OLS)http://pul/publisher/56499